Nutuk-Söylev (Record no. 8876)
[ view plain ]
| 000 -BAŞLIK | |
|---|---|
| Sabit Uzunlukta Kontrol Alanı | 01207na a2200361 4500 |
| 001 - KONTROL NUMARASI | |
| Denetim Alanı | 13571 |
| 003 - KONTROL NUMARASI IDENTIFIER | |
| Denetim Alanı | MIRAKIL |
| 005 - SON İŞLEM TARİHİ VE ZAMANI | |
| Denetim Alanı | 20181213155227.0 |
| 008 - SABİT-BOY VERİ ELEMANLARI - GENEL BİLGİLER | |
| Sabit Uzunlukta Kontrol Alanı | 160817b tu 000 0 |
| 020 ## - ULUSLARARASI STANDART KİTAP NUMARASI | |
| Uluslararası Standart Kitap Numarası | 9751601401 (tk.) |
| 020 ## - ULUSLARARASI STANDART KİTAP NUMARASI | |
| Uluslararası Standart Kitap Numarası | 9751601967 (c.1) |
| 020 ## - ULUSLARARASI STANDART KİTAP NUMARASI | |
| Uluslararası Standart Kitap Numarası | 9751601959 (c.2) |
| 035 ## - SİSTEM KONTROL NUMARASI | |
| Sistem Kontrol Numarası | 13571 |
| 040 ## - KATALOGLAMA KAYNAK | |
| Orijinal Kataloglama Ajansı | Milas |
| Kataloglama Dili | tur |
| Metne Dönüştürmek Ajansı | TR-AnCHP |
| 082 ## - DEWEY ONLU SINIFLANDIRMA NUMARASI | |
| Sınıflandırma Numarası | ATA 923.156 |
| Ürün Numarası | A72n 1989 |
| 090 ## - SINIFLAMA NUMARASI | |
| Sınıflama Numarası | ATA 923.156 A72n 1989 |
| 100 ## - ANA GİRİŞ - KİŞİSEL İSİM | |
| Kişisel Ad | Atatürk, Mustafa Kemal |
| Bir Adıyla İlişkilendirilen Tarihler | 1881-1838 |
| 245 ## - BAŞLIK TABLOSU | |
| Başlık | Nutuk-Söylev |
| Sorumluluk Tablosu, Vb | Mustafa Kemal Atatürk ; yayına hazırlayanlar İsmail Arar, Uluğ İğdemir, Sami N. Özerdim |
| 250 ## - EDITION TABLOSU | |
| Baskı Beyanı | 3. bs. |
| 260 ## - YAYIN, DAĞITIM, VB | |
| Yayın, Dağıtım, Vb Yeri | Ankara |
| Yayıncı, Dağıtıcı, Vs Adı | Türk Tarih Kurumu |
| Yayın, Dağıtım, Vb Tarihi | 1989 |
| 300 ## - FİZİKSEL TANIM | |
| Kapsam | 2 c. |
| Diğer Fiziksel Ayrıntıları | hrt. |
| Boyutlar | 24 sm. |
| 490 ## - SERİSİ TABLOSU | |
| Seri Beyanı | Türk Tarih Kurumu Yayınları |
| Hacim / Ardışık Tanımı | XXIII |
| 490 ## - SERİSİ TABLOSU | |
| Seri Beyanı | Dizi-Sayı |
| Hacim / Ardışık Tanımı | 2 |
| 505 ## - BİÇİMLENDİRİLDİ İÇİNDEKİLER NOT | |
| Biçimlendirilmiş İçeriği Dikkat | c.1: 1919-1920 -- c.2: 1920-1927 |
| 600 ## - KONU KATMA GİRİŞ - KURUMSAL ADI | |
| Kişisel Ad | Atatürk, Mustafa Kemal |
| Bir Adıyla İlişkilendirilen Tarihler | 1881-1938 |
| Genel Alt Bölümü | Söylev ve demeçler |
| 600 ## - KONU KATMA GİRİŞ - KURUMSAL ADI | |
| Kişisel Ad | Atatürk, Mustafa Kemal |
| Bir Adıyla İlişkilendirilen Tarihler | 1881-1938 |
| Genel Alt Bölümü | Siyasal ve sosyal görüşler |
| 650 ## - KONU KATMA GİRİŞ - TOPİKAL DÖNEM | |
| Topikal Süreli Veya Coğrafi Ad Giriş Elemanı | Atatürk devrimleri |
| Coğrafi Alt Bölümü | Türkiye |
| 651 ## - KONU KATMA GİRİŞ - COĞRAFİ ADI | |
| Coğrafi İsim | Türkiye |
| Genel Alt Bölümü | Siyaset ve yönetim |
| Kronolojik Alt Bölümü | 1920-1927 |
| 700 ## - KATMA GİRİŞ - KİŞİSEL İSİM | |
| Kişisel Ad | Arar, İsmail |
| 700 ## - KATMA GİRİŞ - KİŞİSEL İSİM | |
| Kişisel Ad | İğdemir, Uluğ |
| 700 ## - KATMA GİRİŞ - KİŞİSEL İSİM | |
| Kişisel Ad | Özdemir, Sami N. |
| 942 ## - EKLENDİ GİRİŞ ELEMANLARI (KOHA) | |
| Sınıflandırma Veya Raf Düzeni Kaynak | Dewey Decimal Classification |
| Koha Öğesi Türü | Books |
| 999 ## - SİSTEM KONTROL NUMARALARI (KOHA) | |
| Koha Biblionumber | 8876 |
| Koha Biblioitemnumber | 8876 |
| Kalıcı Konum | Mevcut Konum | Edinme Tarihi | Edinim Kaynak | Toplam Check-Out'Lar | Tam Çağrı Numarası | Barkod | Tarih Son Görülme | İtibaren Geçerli Fiyatlar | Koha Öğesi Türü | Kopya Sayısı | Sigara Kamu Notu |
|---|---|---|---|---|---|---|---|---|---|---|---|
| CHP Kütüphanesi | CHP Kütüphanesi | 08/15/2016 | Bağış | ATA 923.156 A72n 1989 | 000983 | 08/15/2016 | 08/15/2016 | Books | |||
| CHP Kütüphanesi | CHP Kütüphanesi | 08/17/2016 | Bağış | ATA 923.156 A72n 1989 | 000984 | 08/17/2016 | 08/17/2016 | Books | |||
| Parti Okulu Kütüphanesi | Parti Okulu Kütüphanesi | 11/05/2021 | 923.156 A72n 1989 | P00903 | 11/05/2021 | 11/05/2021 | Books | c.1 | Emin Değer Bağışıdır. | ||
| Parti Okulu Kütüphanesi | Parti Okulu Kütüphanesi | 11/05/2021 | 923.156 A72n 1989 | P00904 | 11/05/2021 | 11/05/2021 | Books | c.2 | Emin Değer Bağışıdır. | ||
| Parti Okulu Kütüphanesi | Parti Okulu Kütüphanesi | 11/05/2021 | 923.156 A72n 1989 | P00905 | 11/05/2021 | 11/05/2021 | Books | c.3 | Emin Değer Bağışıdır. | ||
| Parti Okulu Kütüphanesi | Parti Okulu Kütüphanesi | 11/05/2021 | 923.156 A72n 1989 | P00906 | 11/05/2021 | 11/05/2021 | Books | c.4 | Emin Değer Bağışıdır. |
